000 00673nam a22002297a 4500
003 OSt
005 20250828093748.0
008 250828t2011 sp ||||| |||| 00| f spa d
020 _a978-84-9867-938-0
040 _cBesoc
080 _082-312.4(73)
100 1 0 _aCoben, Harlan,
_d1962-
_eautor
245 1 0 _aAlta tensión /
_cHarlan Coben ; traducción de Alberto Coscarelli.
250 _a1a ed.
260 _aBarcelona :
_bRBA,
_c2011.
300 _a367 p. ;
_c21 cm.
490 0 _aSerie Negra
_v100
500 _aEn cubierta: Una historia de Myron Bolitar.
650 4 _aLiterarura norteamericana
_vNovela
_ySiglo XXI
655 4 _aNovela policial
942 _2udc
_cLPD
_n0
999 _c563
_d563